000 00835nam a22002531u 4500
001 06988
003 HDC
007 cr bn ---
008 210125p2015 o d 00 engg
040 _aHDC
245 0 _aHalal - Cosmetics
246 _aEnabling New Market Access with Halal Certification
260 _a[No Place] :
_b[publisher not identified],
_c2015
300 _a68 pages :
_billustrations
336 _atext
_2rdacontent
337 _acomputer
_2rdamedia
338 _aonline resource
_2rdacarrier
650 _ahalal certification
_9753
650 _aHalal cosmetic
_95164
856 _zRequest full-text at [email protected]
942 _2lcc
942 _cSLIDE
942 _kSLID 000231
999 _c4312
_d4312